000 00537nam a2200193Ia 4500
005 20250923145148.0
008 008 250917s9999 xx 000 0 eng d
037 _aTextual
040 _aDSWL
_beng
_cDSWL
041 _aeng
_2eng
084 _aYx, N69
_qDSWL
245 4 _aThe Founding Fathers of Social Science
_cEd. by Timothy Raison
260 _aEngland
_bPenguin Books
_c1969
300 _avii,165p.
365 _aINR
_b13 .6
925 _g13 .6
942 _cTEXL
_hYx, N69
999 _c1447908
_d1447908